| 000 | 00452nam a2200169Ia 4500 | ||
|---|---|---|---|
| 003 | OSt | ||
| 005 | 20201223104318.0 | ||
| 008 | 190216s9999||||xx |||||||||||||| ||und|| | ||
| 040 | _coclc | ||
| 082 |
_a297.122 _bQUR/T |
||
| 100 | _aNull | ||
| 245 | 4 | _aThe Holy Qur`an / | |
| 260 |
_bKing Fahd Qur`An Printing Complex, _aSaudi Arabia: |
||
| 300 | _a1258p | ||
| 650 | _aArabic | ||
| 942 |
_cREF _2ddc _h297.122 _iQUR/T _k297.122 _mQUR/T |
||
| 999 |
_c460 _d460 |
||